| 000 | 00633nam a22002057a 4500 | ||
|---|---|---|---|
| 003 | OSt | ||
| 005 | 20250930033725.0 | ||
| 008 | 250930b |||||||| |||| 00| 0 eng d | ||
| 020 | _a0-07-241307-7 | ||
| 040 |
_aDWCL-Main lib _cOC |
||
| 082 | _aCirc. 570.21 R253 1999 | ||
| 100 | _aRaven, P. | ||
| 245 | _aCustomized biology, 5th ed. | ||
| 260 |
_aNew York : _bMcGraw-Hill Companies, Inc., _c c1999 |
||
| 300 |
_ai, 284 pages : _c27 cm. |
||
| 504 | _aIncludes index | ||
| 650 | _2Biology | ||
| 700 | _aJorge B. Johnson | ||
| 942 |
_2ddc _cBK-CIRC _e5th edition _hCirc. 570.21 R253 1999 _kCirc. _n0 |
||
| 999 |
_c4561 _d4561 |
||